Statistics for Geography Generator Puzzle #4

Click here to take the quiz!

General Stats

  • This quiz has been taken 11,665 times
    (11,654 since last reset)
  • The average score is 12 of 21

Answer Stats

HintAnswer% Correct
Chad's western neighbourNiger
88%
Secret UFO base? ____ 51Area
86%
Latvian capitalRiga
77%
Barrier Reef, or Lakes, eg.Great
75%
Berlin's Brandenburg ____Gate
74%
Middle Eastern nationIran
74%
Memphis state (2 letter abbv.)TN
70%
Albania's capitalTirana
62%
Taj Mahal cityAgra
60%
Gladiatorial stageArena
58%
9-Letter LocationARGENTINA
58%
Geographically close toNear
58%
Chain of mountainsRange
48%
Country tavernInn
47%
Paris station, ____ du NordGare
43%
'Presidential' D.C. airportReagan
40%
Saskatchewan capitalRegina
39%
Like California's sequoiasGiant
38%
Moroccan port cityTangier
30%
NH, aka The _____ StateGranite
25%
Small mountain lakeTarn
18%

Score Distribution

Percentile by Number Answered

Percent of People with Each Score

Your Score History

You have not taken this quiz since the last reset